000 01003nam a2200265Ia 4500
003 OSt
005 20221005105749.0
006 a|||||r|||| 00| 0
007 ta
008 221004b |||||||| |||| 00| 0 hin d
020 _c20
024 _a14074
037 _b1137, 20/03/2014, Anamika Publishers & Distributors Pvt. Ltd.
_cTextual
040 _aCRL
_cCRL
_bhin
041 _2hin
_ahin
082 _aO152,6N07w,1, N8
100 _aकृष्णा, हठीसिंग
245 0 _aकोई शिकायत नहीं
246 _aKoī shikāyat nahīan
260 _aनई दिल्ली
_bसस्ता साहित्य मण्डल प्रकाशन भारत
_c1998
300 _a184पृ0
_ccm.
650 _aहिन्दी साहित्य
942 _hO152,6N07w,1, N8
_cTEXL
_2cc
999 _c1016833
_d1016833